Biggest Countries Known By 50%+ of the American Population - Statistics

General Stats
  • This quiz has been taken 27 times
  • The average score is 9 of 10
Answer Stats
(estimate) Americans knowing this country out of 50% Country % Correct
1% China
100%
0.01% Canada
96%
0.00001% Mexico
96%
100% United States
96%
0.0002% Brazil
92%
1.01% Russia
88%
0.1% Australia
84%
0.02% India
84%
0.0001% Argentina
76%
0.00000000000000000000000000001% Saudi Arabia
52%
No matching quizzes found
Score Distribution
Percent of People with Each Score
Percentile by Number Answered
Your Score History
You have not taken this quiz